Socialism and national development / (Record no. 33840)
[ view plain ]
| 000 -LEADER | |
|---|---|
| fixed length control field | 01056cam a2200301 4500 |
| 001 - CONTROL NUMBER | |
| control field | 33840 |
| 003 - CONTROL NUMBER IDENTIFIER | |
| rucl marc code | BD-RjUL |
| 005 - DATE AND TIME OF LATEST TRANSACTION | |
| control field | 20211209052051.0 |
| 008 - FIXED-LENGTH DATA ELEMENTS--GENERAL INFORMATION | |
| fixed length control field | 140511s1971 pl 000 0 eng |
| 035 ## - SYSTEM CONTROL NUMBER | |
| System control number | (BD-RjUL)33932 |
| 040 ## - CATALOGING SOURCE | |
| Original cataloging agency | DLC |
| Transcribing agency | DLC |
| Modifying agency | BD-RjUL |
| Language of cataloging | eng |
| 041 1# - LANGUAGE CODE | |
| Language code of text/sound track or separate title | engpol |
| 082 00 - DEWEY DECIMAL CLASSIFICATION NUMBER | |
| Classification number | 320.943805 |
| Author mark and year | TRS 1971 |
| 100 1# - MAIN ENTRY--PERSONAL NAME | |
| Personal name | Trepczyński, Stanisław, |
| Dates associated with a name | 1924- |
| 9 (RLIN) | 102766 |
| 245 10 - TITLE STATEMENT | |
| Title | Socialism and national development / |
| Statement of responsibility, etc. | Translated by Stanisław Tarnowski |
| 260 ## - PUBLICATION, DISTRIBUTION, ETC. (IMPRINT) | |
| Place of publication, distribution, etc. | Warsaw : |
| Name of publisher, distributor, etc. | Interpress Publishers ; |
| Date of publication, distribution, etc. | 1971. |
| 300 ## - PHYSICAL DESCRIPTION | |
| Pagination | 129 p. ; |
| Size | 20 cm. |
| 500 ## - GENERAL NOTE | |
| General note | At head of title: Stanisław Trepczyński and Michał Sadowski. |
| General note | Translation of Socjalizm, a rozwój narodowy. |
| 651 #0 - SUBJECT ADDED ENTRY--GEOGRAPHIC NAME | |
| Geographic name | Poland |
| General subdivision | Politics and government |
| Chronological subdivision | 1945-1980. |
| 9 (RLIN) | 102767 |
| Geographic name | Poland |
| General subdivision | Economic conditions |
| Chronological subdivision | 1945-1981. |
| 9 (RLIN) | 102768 |
| Geographic name | Poland |
| General subdivision | Social policy. |
| 9 (RLIN) | 102769 |
| 700 1# - ADDED ENTRY--PERSONAL NAME | |
| Personal name | Sadowski, Michał, |
| Relator term | joint author. |
| 942 ## - ADDED ENTRY ELEMENTS (KOHA) | |
| Source of classification or shelving scheme | Dewey Decimal Classification |
| Koha item type | Books |
| Lost status | Source of classification or shelving scheme | Damaged status | Not for loan | Collection code | Permanent Location | Current Location | Shelving location | Date acquired | Source of acquisition | Total Checkouts | Full call number | Date last seen | Copy number | Koha item type |
|---|---|---|---|---|---|---|---|---|---|---|---|---|---|---|
| Dewey Decimal Classification | Non-fiction | Central Library, University of Rajshahi | Central Library, University of Rajshahi | 18/06/1980 | P R O | 320.943805 TRS 1971 | 11/05/2014 | C-3 | Books | |||||
| Dewey Decimal Classification | Not For Loan | Non-fiction | Central Library, University of Rajshahi | Central Library, University of Rajshahi | Reading Room | 27/05/1974 | Poland | 320.943805 TRS 1971 | 11/05/2014 | C-1 | Books | |||
| Dewey Decimal Classification | Non-fiction | Central Library, University of Rajshahi | Central Library, University of Rajshahi | 27/05/1974 | Poland | 320.943805 TRS 1971 | 11/05/2014 | C-2 | Books |